Мир искусства. 1901 [Т.5], № 1, 2/3, 4-6 (Запись № 10101267)

Подробности
000 -МАРКЕР
контрольное поле 01090nam2a2200289 4500
001 - ИДЕНТИФИКАТОР ЗАПИСИ
контрольное поле pb00000116
005 - ИДЕНТИФИКАТОР ВЕРСИИ
контрольное поле 20250613213111.0
035 ## - ДРУГИЕ СИСТЕМНЫЕ НОМЕРА
Идентификатор записи (NLR Aleph) 010161095
100 ## - ДАННЫЕ ОБЩЕЙ ОБРАБОТКИ
Данные общей обработки 20100719d1901 |||y0rusy50 ca
101 0# - ЯЗЫК РЕСУРСА
Язык текста, звукозаписи и т.д. русский
102 ## - СТРАНА ПУБЛИКАЦИИ ИЛИ ПРОИЗВОДСТВА
Страна публикации Российская Федерация
105 ## - ПОЛЕ КОДИРОВАННЫХ ДАННЫХ: ТЕКСТОВЫЕ МАТЕРИАЛЫ, МОНОГРАФИЧЕСКИЕ
Кодированные данные о монографическом текстовом документе ac z 000yy
200 1# - ЗАГЛАВИЕ И СВЕДЕНИЯ ОБ ОТВЕТСТВЕННОСТИ
Основное заглавие 1901 [Т.5], № 1, 2/3, 4-6
210 ## - ПУБЛИКАЦИЯ, РАСПРОСТРАНЕНИЕ И ДР.
Дата издания, распространения и т.д. 1901
Место издания, распространения и т.д. Б. м.
300 ## - ОБЩИЕ ПРИМЕЧАНИЯ
Текст примечания № 2/3: с. 61-68 отсутств.
300 ## - ОБЩИЕ ПРИМЕЧАНИЯ
Текст примечания Также м/ф
325 ## - ПРИМЕЧАНИЕ О КОПИИ
Текст примечания Копия доступна в Электрон. б-ке РНБ http://vivaldi.nlr.ru/pm000020402/view
461 #0 - УРОВЕНЬ НАБОРА
Встроенное поле 001RU\NLR\INFOCOMM33\1000075781
-- 2001#$aМир искусства$v1901 [Т.5], № 1, 2/3, 4-6
Системный номер (АБИС) связанной записи 2860111
Место публикации СПб.
Дата публикации 1899-1904
Заглавие Мир искусства
Номер тома 1901 [Т.5], № 1, 2/3, 4-6
801 #0 - ИСТОЧНИК ЗАПИСИ
Страна Российская Федерация
Организация NLR
Дата составления 20100719
Правила каталогизации psbo
801 #1 - ИСТОЧНИК ЗАПИСИ
Страна Российская Федерация
Организация NLR
Дата составления 20100719
Источник данных rusmarc
801 #3 - ИСТОЧНИК ЗАПИСИ
Страна Российская Федерация
Организация RusAr
Дата составления 20100719
Источник данных rusmarc
852 ## - МЕСТОНАХОЖДЕНИЕ И ШИФР ХРАНЕНИЯ
Идентификатор организации NLR
Шифр хранения (Call Number) 1/258-1низ
942 ## - ДОПОЛНИТЕЛЬНЫЕ ЭЛЕМЕНТЫ ЗАПИСИ (АБИС)
Тип экземпляра АБИС Выпуск
980 ## - КОЛЛЕКЦИЯ
Название коллекции Национальная библиография
981 27 - КОЛЛЕКЦИЯ ЭЛЕКТРОННОЙ БИБЛИОТЕКИ
Название коллекции Периодические издания
Название подколлекции Журналы

Нет доступных экземпляров.